| 000 | 00615nam a2200193 4500 | ||
|---|---|---|---|
| 003 | OSt | ||
| 005 | 20160819133722.0 | ||
| 008 | 160819b xxu||||| |||| 00| 0 eng d | ||
| 020 | _a9782461792 | ||
| 040 | _c040a | ||
| 082 |
_aWB 710 _bN73 1993 |
||
| 245 |
_aNon-communicable diseases in Nigeria: _ba manual for primary health care workers / _cO. O Akinyanju |
||
| 260 |
_aIbadan _bSpectrum Books Limited _c1993 |
||
| 300 |
_aiv, 76p; _bill : _c15 cm. |
||
| 504 | _aIncludes bibliographical references and index | ||
| 650 |
_aNon-communicable diseases _910822 |
||
| 700 |
_aAkinyanju, O.O _910823 |
||
| 942 |
_2z _cO_SHELF |
||
| 999 |
_c5046 _d5046 |
||